00734nam a2200229Ia 4500008004100000020001800041050001700059050001800076245002300094245002400117245003500141260001700176260004600193260000900239300001600248300002000264300001100284650002800295650003600323999001900359952012600378160319s9999 xx 000 0 und d a971-725-063-4 aFIL QA 303.2 b.G46 2001 c.1 aGeneral calculus : bwith applications / cLincoln A. Bautista… [et al] aMakati City: bGrandwater Pub. And Research corporation. c2001 a166 pages : billustrations ; c22 cm. aCalculus -- Textbooks.  xCalculus -- Study and teaching. c291833d291833 001040aSMCbSMCcFILd0000-00-00g135.00l0oFIL QA 303.2 .G46 2001 c.1pSMC02655r2016-03-19 00:00:00w2016-03-19yBK